Einstein para principiantes /

Guardado en:
Autor Principal: Schwartz, Joseph
Otros Autores: Mcguinness, Michael
Formato: Libro
Publicado: Buenos Aires : Era Naciente
Series:Documentales ilustrados; No. 31
Materias:
Etiquetas: Agregar Etiqueta
Sin Etiquetas, Sea el primero en etiquetar este registro!
LEADER 00571nam a22001935a 4500
001 CEM.cems011041
005 20071206145946.0
008 130507b######################000#0#####d
003 CEMS
020 |a 9879065050 
082 0 4 |a 530.1 
100 1 |a Schwartz, Joseph 
245 1 0 |a Einstein para principiantes /  |c Joseph Schwartz y Michael Mcguinness 
260 |a Buenos Aires :  |b Era Naciente 
300 |a 168 p. 
490 0 |a Documentales ilustrados; No. 31 
653 |a Física 
700 1 |a Mcguinness, Michael 
859 |a CEMS  |b BIB. CEMS - 11 de abril  |h 530.1  |i Sch95  |p 21842.02  |t Ej.1